000 00830nam 22002413 4500
001 199051
021 _aPT
_b2630/83
090 _a199051
100 _a20251114d u||y0pory50 ba
101 _apor
102 _aPT
200 _aContabilidade das autarquias locais
_e manual de acompanhamento do decreto-lei no 34183, de 21 de Julho
_fMinistério da Administração Interna
205 _a
210 _a[Lisboa]
_cImprensa Nacional-Casa da Moeda
_d1983
215 _a327, [6] p.
_cbrochado
_d21 cm
305 _a. - oferta de Vanda Teixeira
606 _935
_aSociologia. Demografia.Estatística
610 _aEstrutura social--Sociedade como sistema social
675 _a316.3"19/20"
_vPT
_zpor
711 _914950
_aPortugal. Ministério da Administração Interna
801 _aPT
_bBMMN
_gRPC
830 _cAna
_fAna
990 _cLIVROS